000 01526pam a2200385 a 4500
001 1964142
003 GBCCL
005 20251110141407.0
008 880526s1988 iluab bd 001 0 eng
020 _a0802490379
020 _a9780802490377
035 _a1964142
040 _aDLC
_cDLC
_dDLC
082 0 0 _a220.3
_219
_bUNG 1
100 1 _aUnger, Merrill Frederick,
_d1909-
245 1 4 _aThe new Unger's Bible dictionary /
_cMerrill F. Unger ; R.K. Harrison, editor ; Howard F. Vos, Cyril J. Barber, contributing editors.
250 _aRev. and updated ed.
260 _aChicago :
_bMoody Press,
_c1988.
300 _axv, 1400 p. :
_bill. (some col.), 15 col. maps ;
_c24 cm.
336 _atext
_btxt
_2rdacontent
337 _aunmediated
_bn
_2rdamedia
338 _avolume
_bnc
_2rdacarrier
500 _aRevision of: Unger's Bible dictionary. 3rd ed. c1966.
504 _aIncludes bibliographies and index.
630 0 0 _aBible
_xDictionaries.
700 1 _aHarrison, R. K.
_q(Roland Kenneth)
700 1 _aVos, Howard Frederic,
_d1925-
700 1 _aBarber, Cyril J.
700 1 _aUnger, Merrill Frederick,
_d1909-
_tUnger's Bible dictionary.
856 4 2 _3Publisher description
_uhttp://www.loc.gov/catdir/enhancements/fy0609/88009189-d.html
856 4 2 _3Contributor biographical information
_uhttp://www.loc.gov/catdir/enhancements/fy1206/88009189-b.html
906 _a7
_bcbc
_corignew
_d1
_eocip
_f19
_gy-gencatlg
942 _2ddc
_cBK
_n0
999 _c11004
_d11004